[Event "IRT "A" - Torre Blanca (Buenos Aires)"]
[Site "Club Torre Blanca (Bs. As.)"]
[Date "2006.04.06"]
[Round "1"]
[White "Aguila, Gustavo"]
[Black "Guerrero, Alvaro"]
[Result "1-0"]
[WhiteElo "2243"]
[BlackElo "2181"]
[PlyCount "93"]
[EventDate "2006.04.06"]

1. d4 d6 2. e4 g6 3. c3 a6 4. Nf3 Bg7 5. Be2 Nd7 6. a4 b6 7. O-O Bb7 8. Nbd2 e6
9. Re1 Ne7 10. Bd3 O-O 11. Qe2 c5 12. Nc4 Nc8 13. Bf4 Qe7 14. e5 d5 15. Nd6 Nb8
16. Bg5 Qd7 17. Nxb7 Qxb7 18. Qe3 Nd7 19. Bh6 Ne7 20. Qg5 Rfe8 21. Bxg7 Kxg7
22. h4 Ng8 23. h5 Nf8 24. g3 c4 25. Bc2 Qe7 26. Qf4 gxh5 27. Kg2 Ng6 28. Qd2 f5
29. Rh1 h4 30. Nxh4 h6 31. Nxg6 Kxg6 32. g4 Qg5 33. f4 Qd8 34. Qe2 Ra7 35.
gxf5+ exf5 36. Qh5+ Kh7 37. Bxf5+ Kh8 38. Kf3 Ree7 39. Rag1 Rg7 40. Rg6 Rxg6
41. Qxg6 Rg7 42. Rxh6+ Nxh6 43. Qxh6+ Kg8 44. Be6+ Kf8 45. Qh8+ Ke7 46. Qxg7+
Kxe6 47. f5+ 1-0

[Event "IRT "A" - Torre Blanca (Buenos Aires)"]
[Site "Club Torre Blanca (Bs. As.)"]
[Date "2006.04.06"]
[Round "1"]
[White "Albarran, Gustavo Eduardo"]
[Black "Koch, Juan Enrique"]
[Result "0-1"]
[WhiteElo "2228"]
[BlackElo "2092"]
[PlyCount "62"]
[EventDate "2006.04.06"]

1. d4 Nf6 2. c4 e6 3. Nc3 d5 4. cxd5 exd5 5. Bg5 Be7 6. e3 O-O 7. Bd3 Nbd7 8.
Nge2 Re8 9. O-O Nf8 10. b4 c6 11. a3 Ng6 12. Qc2 Bd6 13. Ng3 h6 14. Bxf6 Qxf6
15. Na4 Nh4 16. b5 Bh3 17. bxc6 bxc6 18. Qxc6 Bxg2 19. Rfc1 Be4 20. Bxe4 dxe4
21. Nxe4 Bxh2+ 22. Kxh2 Qxc6 23. Rxc6 Rxe4 24. Rb1 Re7 25. Nc5 Rd8 26. a4 Rd5
27. Rc8+ Kh7 28. a5 Rg5 29. a6 Nf3+ 30. Kh1 h5 31. Nd3 Re6 $138 0-1

[Event "IRT "A" - Torre Blanca (Buenos Aires)"]
[Site "Club Torre Blanca (Bs. As.)"]
[Date "2006.04.06"]
[Round "1"]
[White "Olivera, Horacio Ruben"]
[Black "Galindo, Ricardo"]
[Result "1-0"]
[WhiteElo "2244"]
[BlackElo "2244"]
[PlyCount "61"]
[EventDate "2006.04.06"]

1. c4 e6 2. d4 d5 3. Nc3 Nf6 4. Bg5 Nbd7 5. cxd5 exd5 6. e3 h6 7. Bf4 Bd6 8.
Bxd6 cxd6 9. g3 O-O 10. Bg2 Nb6 11. Nge2 Bg4 12. O-O Bxe2 13. Qxe2 Qd7 14. Qb5
Qxb5 15. Nxb5 Rfd8 16. Rfc1 a6 17. Nc7 Rac8 18. Bh3 Rb8 19. a4 Nc8 20. b4 Kf8
21. Rab1 Ne7 22. b5 Ne8 23. bxa6 bxa6 24. Nxa6 Ra8 25. Nc7 Rxa4 26. Nxe8 Kxe8
27. Rb7 Rc4 28. Ra1 f5 29. Bf1 Rd7 30. Ra8+ Nc8 31. Rbb8 1-0

[Event "IRT "A" - Torre Blanca (Buenos Aires)"]
[Site "Club Torre Blanca (Bs. As.)"]
[Date "2006.04.06"]
[Round "1"]
[White "Recoulat, Eduardo Juan"]
[Black "Miserendino, Alfredo"]
[Result "1/2-1/2"]
[WhiteElo "2215"]
[BlackElo "2194"]
[PlyCount "108"]
[EventDate "2006.04.06"]

1. d4 Nf6 2. c4 c5 3. d5 b5 4. cxb5 a6 5. b6 Qxb6 6. Nc3 a5 7. Nf3 d6 8. e4
Nbd7 9. Be2 g6 10. O-O Bg7 11. Nd2 Ba6 12. a4 Bxe2 13. Qxe2 O-O 14. Nc4 Qb8 15.
Bd2 Nb6 16. b3 Ne8 17. Rac1 Nc7 18. f4 Nxc4 19. bxc4 Na6 20. Nb5 Nb4 21. Bc3
Qc8 22. Bxg7 Kxg7 23. f5 f6 24. Rc3 g5 25. Rh3 Rf7 26. Rh5 Kh8 27. Rf3 Qd7 28.
Rfh3 Rg8 29. Rh6 Rgg7 30. g4 Rf8 31. R3h5 Qd8 32. Kf2 Rff7 33. Ke3 Na6 34. Qb2
Nb4 35. Ke2 Kg8 36. Kd2 Qd7 37. Qb3 Qd8 38. Rh3 Qd7 39. Kc1 Qd8 40. Kb2 Qd7 41.
R3h5 Qd8 42. Rh3 Qd7 43. Nc3 Rf8 44. Nb5 Rff7 45. R3h5 Qd8 46. Qh3 Kh8 47. Kb3
Na6 48. Qc3 Kg8 49. Qh3 Kh8 50. Ka3 Nb4 51. Qc3 Kg8 52. Kb3 Na6 53. Qh3 Kh8 54.
Ka3 Nb4 1/2-1/2

[Event "IRT "A" - Torre Blanca (Buenos Aires)"]
[Site "Club Torre Blanca (Bs. As.)"]
[Date "2006.04.11"]
[Round "2"]
[White "Ferraro, Carlos Alberto"]
[Black "Albarran, Gustavo Eduardo"]
[Result "1/2-1/2"]
[WhiteElo "2149"]
[BlackElo "2228"]
[PlyCount "63"]
[EventDate "2006.04.06"]

1. e4 c5 2. b3 b6 3. Bb2 Bb7 4. Nc3 Nf6 5. e5 Nd5 6. Nxd5 Bxd5 7. Nf3 e6 8. Be2
g5 9. d3 g4 10. Nd2 h5 11. Rg1 Qh4 12. Nf1 Bh6 13. Bc1 Bg7 14. Bf4 d6 15. Qd2
Qd8 16. Bg5 f6 17. exf6 Bxf6 18. Bxf6 Qxf6 19. c3 Nd7 20. Ne3 Bb7 21. O-O-O
O-O-O 22. Rdf1 Ne5 23. Kb2 Kb8 24. Nc2 Ng6 25. f3 Qf4 26. Qc1 Qxc1+ 27. Kxc1
Nf4 28. Kd2 Nxe2 29. Kxe2 gxf3+ 30. gxf3 Rhg8 31. Kf2 Rdf8 32. Ne1 1/2-1/2

[Event "IRT "A" - Torre Blanca (Buenos Aires)"]
[Site "Club Torre Blanca (Bs. As.)"]
[Date "2006.04.11"]
[Round "2"]
[White "Galindo, Ricardo"]
[Black "Koch, Juan Enrique"]
[Result "1-0"]
[WhiteElo "2244"]
[BlackElo "2092"]
[PlyCount "89"]
[EventDate "2006.04.06"]

1. Nf3 d5 2. b3 c6 3. Bb2 Bf5 4. d3 e6 5. Nbd2 Nf6 6. g3 Nbd7 7. Bg2 Be7 8. O-O
O-O 9. Ne5 Nxe5 10. Bxe5 h6 11. e4 Bh7 12. Qe2 Qa5 13. Bb2 Bb4 14. Nb1 Be7 15.
a3 Rfe8 16. Nd2 c5 17. h3 Rad8 18. Kh2 b5 19. e5 Nd7 20. a4 b4 21. f4 Qc7 22.
Rae1 c4 23. dxc4 Nc5 24. cxd5 exd5 25. Rc1 f6 26. Qg4 f5 27. Qe2 Ne4 28. Bd4
Bc5 29. Qe3 Rc8 30. Nxe4 fxe4 31. c4 Bxd4 32. Qxd4 Qc5 33. Qxd5+ Qxd5 34. cxd5
Rc3 35. Rxc3 bxc3 36. Rc1 Rc8 37. Bf1 c2 38. Bc4 e3 39. Kg2 Be4+ 40. Kf1 Rxc4
41. bxc4 Bd3+ 42. Ke1 Bxc4 43. d6 Be6 44. Ke2 Bxh3 45. Rxc2 1-0

[Event "IRT "A" - Torre Blanca (Buenos Aires)"]
[Site "Club Torre Blanca (Bs. As.)"]
[Date "2006.04.11"]
[Round "2"]
[White "Miserendino, Alfredo"]
[Black "Aguila, Gustavo"]
[Result "0-1"]
[WhiteElo "2194"]
[BlackElo "2243"]
[PlyCount "76"]
[EventDate "2006.04.06"]

1. Nf3 Nf6 2. g3 d5 3. Bg2 c6 4. O-O Bf5 5. b3 e6 6. Bb2 a5 7. d3 h6 8. Nbd2
Bh7 9. Qe1 Na6 10. a3 Be7 11. e4 O-O 12. Ne5 a4 13. b4 Nd7 14. Qe2 Nxe5 15.
Bxe5 Bf6 16. Bxf6 Qxf6 17. e5 Qe7 18. Nf3 Nc7 19. c4 Rfd8 20. Rfd1 Rd7 21. Rd2
Rad8 22. Rad1 c5 23. d4 cxb4 24. axb4 Qxb4 25. c5 a3 26. Bf1 Bb1 27. Ne1 a2 28.
Rxa2 Bxa2 29. Qxa2 Ra8 30. Qe2 Rdd8 31. Ng2 Qb3 32. Ne3 Ra2 33. Qf3 Rda8 34.
Rd3 Qb1 35. Kg2 Ra1 36. h4 R8a3 37. Rxa3 Rxa3 38. Kg1 Nb5 0-1

[Event "IRT "A" - Torre Blanca (Buenos Aires)"]
[Site "Club Torre Blanca (Bs. As.)"]
[Date "2006.04.11"]
[Round "2"]
[White "Olivera, Horacio Ruben"]
[Black "Recoulat, Eduardo Juan"]
[Result "1-0"]
[WhiteElo "2244"]
[BlackElo "2215"]
[PlyCount "113"]
[EventDate "2006.04.06"]

1. c4 c6 2. e4 d5 3. exd5 cxd5 4. cxd5 Nf6 5. Nc3 Nxd5 6. d4 e6 7. Nf3 Bb4 8.
Bd2 Nc6 9. Bd3 Be7 10. O-O O-O 11. a3 Nf6 12. Bg5 g6 13. Bc2 b6 14. Re1 Bb7 15.
Qd3 Re8 16. Rad1 Rc8 17. Ba4 Nd5 18. Bc1 Nxc3 19. bxc3 Bf6 20. Qe3 Bg7 21. Ng5
Rf8 22. Qh3 h6 23. Ne4 Ne7 24. Bxh6 Bxe4 25. Rxe4 Bxh6 26. Qxh6 Nf5 27. Qh3 Kg7
28. Qd3 Rh8 29. g3 Nd6 30. Ree1 Nc4 31. Re2 Qd5 32. h4 a6 33. Bb3 b5 34. Bxc4
Rxc4 35. Re5 Qd6 36. Rc5 Rc8 37. Rxc8 Rxc8 38. a4 Rc4 39. axb5 axb5 40. Qe3 Qc7
41. Rd3 Qd6 42. Qf3 Qa6 43. Kg2 Qc8 44. g4 Qd7 45. h5 Qd5 46. Qxd5 exd5 47. Kg3
gxh5 48. gxh5 b4 49. cxb4 Rxb4 50. Kf4 f6 51. Kf5 Rb2 52. Rg3+ Kf7 53. Rg2 Rb3
54. Rg3 Rb1 55. Rg6 Rh1 56. Rxf6+ Kg7 57. h6+ 1-0

[Event "IRT "A" - Torre Blanca (Buenos Aires)"]
[Site "Club Torre Blanca (Bs. As.)"]
[Date "2006.04.13"]
[Round "3"]
[White "Aguila, Gustavo"]
[Black "Olivera, Horacio Ruben"]
[Result "1/2-1/2"]
[WhiteElo "2243"]
[BlackElo "2244"]
[PlyCount "26"]
[EventDate "2006.04.06"]

1. d4 Nf6 2. Nf3 e6 3. e3 b6 4. Bd3 Bb7 5. Nbd2 c5 6. O-O Be7 7. c3 cxd4 8.
exd4 O-O 9. a4 Nc6 10. Re1 Qc7 11. Qe2 Nd5 12. g3 Rae8 13. Nc4 f5 1/2-1/2

[Event "IRT "A" - Torre Blanca (Buenos Aires)"]
[Site "Club Torre Blanca (Bs. As.)"]
[Date "2006.04.13"]
[Round "3"]
[White "Albarran, Gustavo Eduardo"]
[Black "Guerrero, Alvaro"]
[Result "1-0"]
[WhiteElo "2228"]
[BlackElo "2181"]
[PlyCount "41"]
[EventDate "2006.04.06"]

1. d4 f5 2. Bg5 h6 3. Bh4 g5 4. e4 Bg7 5. Bg3 fxe4 6. h4 c5 7. hxg5 Qa5+ 8. Qd2
Qb6 9. Nc3 cxd4 10. Nd5 e3 11. fxe3 dxe3 12. Qd3 Qxb2 13. Rd1 Be5 14. Qxe3 Nc6
15. Bxe5 Nxe5 16. Nc7+ Kd8 17. Ne6+ Ke8 18. Nc7+ Kd8 19. Nxa8 b6 20. c3 Nc6 21.
Qf3 1-0

[Event "IRT "A" - Torre Blanca (Buenos Aires)"]
[Site "Club Torre Blanca (Bs. As.)"]
[Date "2006.04.13"]
[Round "3"]
[White "Koch, Juan Enrique"]
[Black "Ferraro, Carlos Alberto"]
[Result "1/2-1/2"]
[WhiteElo "2092"]
[BlackElo "2149"]
[PlyCount "32"]
[EventDate "2006.04.06"]

1. c4 Nf6 2. g3 c6 3. Bg2 d5 4. cxd5 cxd5 5. Nf3 Nc6 6. d4 g6 7. O-O Bg7 8. Nc3
O-O 9. Ne5 e6 10. Nxc6 bxc6 11. Na4 Nd7 12. e3 Ba6 13. Re1 Bb5 14. Nc3 Ba6 15.
Na4 Bb5 16. Nc3 Ba6 1/2-1/2

[Event "IRT "A" - Torre Blanca (Buenos Aires)"]
[Site "Club Torre Blanca (Bs. As.)"]
[Date "2006.04.13"]
[Round "3"]
[White "Recoulat, Eduardo Juan"]
[Black "Galindo, Ricardo"]
[Result "1-0"]
[WhiteElo "2215"]
[BlackElo "2244"]
[PlyCount "47"]
[EventDate "2006.04.06"]

1. d4 d5 2. c4 c6 3. Nf3 Nf6 4. Nc3 a6 5. e3 Bg4 6. Be2 e6 7. O-O Nbd7 8. b3 b5
9. h3 Bh5 10. Bb2 b4 11. Na4 Ne4 12. Rc1 Be7 13. cxd5 cxd5 14. Ne5 Bxe2 15.
Qxe2 Nxe5 16. dxe5 O-O 17. Rc6 Qa5 18. Rfc1 Qb5 19. Qc2 Rfb8 20. Kh1 g6 21. Bd4
Nc3 22. Rc7 Rc8 23. Rxe7 Kf8 24. Ra7 1-0

[Event "IRT "A" - Torre Blanca (Buenos Aires)"]
[Site "Club Torre Blanca (Bs. As.)"]
[Date "2006.04.18"]
[Round "4"]
[White "Galindo, Ricardo"]
[Black "Ferraro, Carlos Alberto"]
[Result "0-1"]
[WhiteElo "2244"]
[BlackElo "2149"]
[PlyCount "44"]
[EventDate "2006.04.06"]

1. Nf3 g6 2. d4 Nf6 3. g3 Bg7 4. Bg2 d5 5. O-O O-O 6. Nbd2 c5 7. c3 cxd4 8.
cxd4 Nc6 9. Nb3 Ne4 10. Bf4 a5 11. a4 b6 12. Ne5 Nb4 13. Nd2 Nd6 14. Ndf3 Bb7
15. Bd2 Na6 16. Rc1 f6 17. Nd3 Qd7 18. Qb3 Nc4 19. Bc3 Bc6 20. Ra1 Rfb8 21. Nd2
b5 22. Bxa5 Nxa5 0-1

[Event "IRT "A" - Torre Blanca (Buenos Aires)"]
[Site "Club Torre Blanca (Bs. As.)"]
[Date "2006.04.18"]
[Round "4"]
[White "Guerrero, Alvaro"]
[Black "Koch, Juan Enrique"]
[Result "1-0"]
[WhiteElo "2181"]
[BlackElo "2092"]
[PlyCount "89"]
[EventDate "2006.04.06"]

1. d4 d5 2. c4 e6 3. Nf3 Nf6 4. Bg5 Be7 5. e3 h6 6. Bf4 O-O 7. Nbd2 c5 8. dxc5
Bxc5 9. Rc1 b6 10. Bd3 Bb7 11. O-O Nbd7 12. a3 a5 13. Qe2 Nh5 14. Bg3 Nxg3 15.
hxg3 Qf6 16. cxd5 exd5 17. Nb3 Rac8 18. Bb1 g6 19. Rfd1 Rfd8 20. Ba2 Bf8 21.
Rxc8 Rxc8 22. Rd2 Bg7 23. Qd1 Ne5 24. Nxe5 Qxe5 25. Nd4 Rc5 26. Nb3 Rc4 27. Nc1
Qe4 28. Kh2 Bf6 29. Ne2 h5 30. Nf4 Rc5 31. b4 axb4 32. axb4 Qxb4 33. Nd3 Qe4
34. Nxc5 bxc5 35. Bxd5 Bxd5 36. Rxd5 c4 37. Rd7 c3 38. Rc7 Qe6 39. Kg1 Kg7 40.
Kf1 Qa6+ 41. Kg1 Qe6 42. Qd7 Qa2 43. Qc6 Qb1+ 44. Kh2 Qa2 45. Rc8 {Ilegible}
1-0

[Event "IRT "A" - Torre Blanca (Buenos Aires)"]
[Site "Club Torre Blanca (Bs. As.)"]
[Date "2006.04.18"]
[Round "4"]
[White "Miserendino, Alfredo"]
[Black "Albarran, Gustavo Eduardo"]
[Result "1/2-1/2"]
[WhiteElo "2194"]
[BlackElo "2228"]
[PlyCount "72"]
[EventDate "2006.04.06"]

1. c4 g6 2. Nf3 Bg7 3. g3 Nf6 4. Bg2 d6 5. O-O O-O 6. Nc3 c6 7. d4 a6 8. e4 b5
9. e5 Ne8 10. cxb5 axb5 11. d5 b4 12. Ne2 cxd5 13. Qxd5 Nc7 14. Qe4 b3 15. Nc3
d5 16. Qh4 Nc6 17. Bh6 Nxe5 18. Nxe5 Bxe5 19. Bxf8 Qxf8 20. Nxd5 Nxd5 21. Bxd5
Rxa2 22. Rxa2 bxa2 23. Bxa2 Bxb2 24. Qb4 Be5 25. Rc1 Bd6 26. Qb6 Bh3 27. Bd5
Qh6 28. Qc6 Bd7 29. Qa8+ Kg7 30. Qa1+ f6 31. Rd1 Qh5 32. Qd4 Be5 33. Qd3 Bf5
34. Qb3 Qe2 35. Rf1 Bd3 36. Bg2 Bc4 1/2-1/2

[Event "IRT "A" - Torre Blanca (Buenos Aires)"]
[Site "Club Torre Blanca (Bs. As.)"]
[Date "2006.04.18"]
[Round "4"]
[White "Recoulat, Eduardo Juan"]
[Black "Aguila, Gustavo"]
[Result "1/2-1/2"]
[WhiteElo "2215"]
[BlackElo "2243"]
[PlyCount "21"]
[EventDate "2006.04.06"]

1. d4 Nf6 2. c4 e6 3. Nf3 b6 4. e3 Bb7 5. Bd3 d5 6. Nbd2 Bd6 7. O-O Nbd7 8. b3
O-O 9. Bb2 Ne4 10. Rc1 a6 11. Qc2 1/2-1/2

[Event "IRT "A" - Torre Blanca (Buenos Aires)"]
[Site "Club Torre Blanca (Bs. As.)"]
[Date "2006.04.20"]
[Round "5"]
[White "Aguila, Gustavo"]
[Black "Galindo, Ricardo"]
[Result "1/2-1/2"]
[WhiteElo "2243"]
[BlackElo "2244"]
[PlyCount "128"]
[EventDate "2006.04.06"]

1. Nf3 d5 2. b3 c6 3. Bb2 Nf6 4. g3 Bg4 5. Bg2 Nbd7 6. d3 e6 7. Nbd2 Be7 8. O-O
O-O 9. h3 Bh5 10. e4 a5 11. a3 a4 12. b4 Ne8 13. Qe2 Rc8 14. c4 Bf6 15. Bxf6
Qxf6 16. e5 Bxf3 17. Nxf3 Qe7 18. cxd5 cxd5 19. Rfc1 Nc7 20. Qc2 Nb6 21. Qc5
Qxc5 22. bxc5 Nba8 23. Rab1 Na6 24. d4 Rc7 25. Bf1 Nb8 26. Rb4 Nc6 27. Rxa4 f6
28. Bb5 Ne7 29. exf6 gxf6 30. Re1 Kf7 31. Rb4 b6 32. cxb6 Nxb6 33. Bd3 Nc4 34.
Bxh7 Ra8 35. Rb3 Rxa3 36. Rxa3 Nxa3 37. Bd3 Rc3 38. Re3 Rc1+ 39. Kg2 Nc4 40.
Re2 Rc3 41. Bxc4 dxc4 42. Ne1 Rc1 43. Kf1 Rd1 44. Rc2 Rxd4 45. Nf3 Rd3 46. Ke2
Nc6 47. Rxc4 Rxf3 48. Rxc6 Ra3 49. h4 Ra5 50. Kf3 Rf5+ 51. Kg2 Rd5 52. Rc7+ Kg6
53. Re7 e5 54. g4 Rd4 55. Kf3 f5 56. Rxe5 Rxg4 57. h5+ Kg5 58. Ke3 Ra4 59. h6
Kxh6 60. Rxf5 Kg6 61. Rb5 Kf6 62. f4 Ra3+ 63. Ke4 Ra4+ 64. Kf3 Ra1 1/2-1/2

[Event "IRT "A" - Torre Blanca (Buenos Aires)"]
[Site "Club Torre Blanca (Bs. As.)"]
[Date "2006.04.20"]
[Round "5"]
[White "Albarran, Gustavo Eduardo"]
[Black "Olivera, Horacio Ruben"]
[Result "1-0"]
[WhiteElo "2228"]
[BlackElo "2244"]
[PlyCount "55"]
[EventDate "2006.04.06"]

1. c4 c5 2. Nc3 g6 3. g3 Bg7 4. Bg2 Nc6 5. e4 e6 6. Nge2 Nge7 7. d3 d6 8. Bf4
Rb8 9. Qd2 Ne5 10. Rd1 N7c6 11. a3 h6 12. h4 Kf8 13. Qc2 g5 14. Be3 Qf6 15. f4
gxf4 16. Bxf4 Ke7 17. O-O Qg6 18. d4 cxd4 19. Nb5 d3 20. Rxd3 Rd8 21. c5 d5 22.
Rd2 a6 23. Nd6 d4 24. Qb3 b5 25. Bxe5 Nxe5 26. Nxd4 Nc4 27. Nc6+ Kf8 28. Nxc4
1-0

[Event "IRT "A" - Torre Blanca (Buenos Aires)"]
[Site "Club Torre Blanca (Bs. As.)"]
[Date "2006.04.20"]
[Round "5"]
[White "Ferraro, Carlos Alberto"]
[Black "Guerrero, Alvaro"]
[Result "1-0"]
[WhiteElo "2149"]
[BlackElo "2181"]
[PlyCount "103"]
[EventDate "2006.04.06"]

1. e4 c5 2. b3 Nc6 3. Bb2 d6 4. Nf3 e5 5. Bc4 Be7 6. Nc3 Nf6 7. O-O O-O 8. Re1
a6 9. a4 Rb8 10. Nd5 Nxd5 11. Bxd5 Nb4 12. Bc4 Bg4 13. Be2 f5 14. d3 Nc6 15.
Nd2 Bxe2 16. Qxe2 f4 17. Nc4 b5 18. axb5 axb5 19. Nd2 Qb6 20. Bc3 Rf6 21. Ra2
Rg6 22. Rea1 Qd8 23. Ra6 Qd7 24. Ra8 Rxa8 25. Rxa8+ Bf8 26. Qh5 Qb7 27. Ra2 Rf6
28. Qe8 Rf7 29. Nf3 Re7 30. Qa8 g6 31. Kf1 Na7 32. Qxb7 Rxb7 33. Ra6 Be7 34. b4
c4 35. d4 exd4 36. Bxd4 Nc8 37. Ra8 Rc7 38. Bb6 Rc6 39. Ba5 Bf6 40. Rb8 Kf7 41.
Rxb5 Ke6 42. Rb7 Ne7 43. Bd8 Rc8 44. Bxe7 Bxe7 45. Nd4+ Ke5 46. c3 Bf8 47. f3
Ra8 48. Rb5+ Kf6 49. Ra5 Rc8 50. Ra6 Be7 51. b5 Rb8 52. e5+ 1-0

[Event "IRT "A" - Torre Blanca (Buenos Aires)"]
[Site "Club Torre Blanca (Bs. As.)"]
[Date "2006.04.20"]
[Round "5"]
[White "Koch, Juan Enrique"]
[Black "Miserendino, Alfredo"]
[Result "1/2-1/2"]
[WhiteElo "2092"]
[BlackElo "2194"]
[PlyCount "61"]
[EventDate "2006.04.06"]

1. c4 e6 2. Nc3 d5 3. d4 Nf6 4. Nf3 Be7 5. cxd5 exd5 6. Bg5 O-O 7. e3 Bf5 8.
Bd3 Bxd3 9. Qxd3 c6 10. O-O Nbd7 11. Rab1 a5 12. a3 a4 13. Qc2 b5 14. Bxf6 Bxf6
15. Na2 Rc8 16. Nb4 Nb6 17. Qf5 Nc4 18. Nd3 Re8 19. Rfd1 Qe7 20. Nf4 g6 21. Qd3
Bg7 22. Nd2 Bh6 23. g3 Rb8 24. Qf1 Qd7 25. Nxc4 bxc4 26. Ne2 Qa7 27. Nc3 f5 28.
Qe2 Rb3 29. Qc2 Reb8 30. h4 Ra8 31. h5 1/2-1/2

[Event "IRT "A" - Torre Blanca (Buenos Aires)"]
[Site "Club Torre Blanca (Bs. As.)"]
[Date "2006.04.25"]
[Round "6"]
[White "Miserendino, Alfredo"]
[Black "Ferraro, Carlos Alberto"]
[Result "0-1"]
[WhiteElo "2194"]
[BlackElo "2149"]
[PlyCount "124"]
[EventDate "2006.04.06"]

1. e4 d5 2. exd5 Nf6 3. Nf3 Nxd5 4. d4 Bg4 5. Be2 e6 6. O-O Be7 7. h3 Bh5 8. c4
Nb6 9. Nc3 O-O 10. b3 c6 11. Bb2 N8d7 12. Ne5 Bxe2 13. Qxe2 Nf6 14. Rad1 Qc7
15. Ne4 Nbd7 16. Rfe1 Rad8 17. Ng5 Nxe5 18. dxe5 Nd7 19. Nf3 Bb4 20. Rf1 Rfe8
21. Rd3 Nf8 22. Rfd1 Rxd3 23. Qxd3 Be7 24. Qe3 b6 25. Kf1 Rd8 26. Rxd8 Qxd8 27.
Qd4 Qd7 28. Ke2 Bc5 29. Qxd7 Nxd7 30. Nd2 Kf8 31. f4 Ke8 32. Bc3 a6 33. b4 Be7
34. Ne4 b5 35. c5 a5 36. a3 axb4 37. axb4 f6 38. exf6 gxf6 39. g4 Kf7 40. f5 e5
41. h4 h6 42. Bd2 Kg7 43. Be3 Nb8 44. Bd2 Na6 45. Kf3 Nc7 46. Nd6 Nd5 47. Nc8
Bf8 48. Ke4 Kf7 49. Na7 Ne7 50. g5 hxg5 51. hxg5 Bg7 52. Be3 Ke8 53. Bd2 Kd7
54. Bc3 Ng8 55. Be1 fxg5 56. Bg3 Nf6+ 57. Kf3 g4+ 58. Ke2 Nd5 59. Bh4 Bf6 60.
Be1 Ne7 61. Kd3 Nxf5 62. Ke4 Ne7 0-1

[Event "IRT "A" - Torre Blanca (Buenos Aires)"]
[Site "Club Torre Blanca (Bs. As.)"]
[Date "2006.04.25"]
[Round "6"]
[White "Olivera, Horacio Ruben"]
[Black "Koch, Juan Enrique"]
[Result "1/2-1/2"]
[WhiteElo "2244"]
[BlackElo "2092"]
[PlyCount "92"]
[EventDate "2006.04.06"]

1. c4 e6 2. d4 d5 3. Nc3 c5 4. cxd5 exd5 5. Nf3 Nf6 6. Bg5 Be7 7. e3 O-O 8. Be2
h6 9. Bh4 Nc6 10. O-O Be6 11. Rc1 c4 12. Ne5 Nd7 13. Nxc6 bxc6 14. Bxe7 Qxe7
15. b3 cxb3 16. Qxb3 Rfb8 17. Qa4 Nb6 18. Qxc6 Rc8 19. Qb5 Rab8 20. Qa5 Qc7 21.
Ba6 Nc4 22. Qa4 Nb2 23. Qc2 Rd8 24. Bb5 Nc4 25. Bxc4 Qxc4 26. Na4 Qxc2 27. Rxc2
Rb4 28. Nc5 Bf5 29. Rc3 Rb2 30. Ra3 Ra8 31. h3 Bb1 32. Rb3 Rb8 33. Rxb8+ Rxb8
34. a3 Bf5 35. Rc1 a5 36. Rc3 Rb1+ 37. Kh2 Rb2 38. Kg3 g5 39. Kf3 h5 40. g4
hxg4+ 41. hxg4 Bc2 42. Kg3 a4 43. f3 Bb3 44. e4 dxe4 45. fxe4 Kf8 46. Rd3 Bc2
1/2-1/2

[Event "IRT "A" - Torre Blanca (Buenos Aires)"]
[Site "Club Torre Blanca (Bs. As.)"]
[Date "2006.04.25"]
[Round "6"]
[White "Recoulat, Eduardo Juan"]
[Black "Albarran, Gustavo Eduardo"]
[Result "0-1"]
[WhiteElo "2215"]
[BlackElo "2228"]
[PlyCount "52"]
[EventDate "2006.04.06"]

1. d4 Nf6 2. c4 e6 3. Nf3 c5 4. d5 exd5 5. cxd5 d6 6. Nc3 g6 7. e4 a6 8. Qe2
Bg7 9. e5 dxe5 10. Qxe5+ Qe7 11. Qxe7+ Kxe7 12. Bf4 Re8 13. O-O-O Nbd7 14. a4
Kf8 15. Bc4 Ne4 16. Rhe1 Ndf6 17. Nxe4 Rxe4 18. Rxe4 Nxe4 19. Re1 Bf5 20. Bc7
Nxf2 21. Bd6+ Kg8 22. Bf4 Bd3 23. Ba2 b5 24. d6 Bf5 25. Bb1 Bxb1 26. d7 Nd3+
0-1

[Event "IRT "A" - Torre Blanca (Buenos Aires)"]
[Site "Club Torre Blanca (Bs. As.)"]
[Date "2006.04.27"]
[Round "7"]
[White "Albarran, Gustavo Eduardo"]
[Black "Aguila, Gustavo"]
[Result "1-0"]
[WhiteElo "2228"]
[BlackElo "2243"]
[PlyCount "124"]
[EventDate "2006.04.06"]

1. d4 Nf6 2. c4 e5 3. dxe5 Ng4 4. e3 Nxe5 5. Nh3 g6 6. Nc3 Bg7 7. Nf4 d6 8. Be2
a5 9. O-O O-O 10. Bd2 Na6 11. Ne4 f5 12. Ng3 Nc5 13. Bc3 Kh8 14. Qc2 b6 15. b3
Bb7 16. a3 Qe8 17. Rad1 Qf7 18. Nd5 Bxd5 19. Rxd5 f4 20. exf4 Qxf4 21. Rd4 Qf7
22. Ne4 Nc6 23. Rd2 Rae8 24. Nxc5 bxc5 25. Bf3 Nd4 26. Bxd4 Bxd4 27. b4 axb4
28. axb4 Qf4 29. Bc6 Re3 30. bxc5 dxc5 31. g3 Qf6 32. Qa4 Re1 33. Rxe1 Bxf2+
34. Kh1 Bxe1 35. Rg2 Bc3 36. Bd5 Bd4 37. h3 h5 38. Qc6 Qg5 39. h4 Rf1+ 40. Kh2
Qf5 41. Qe8+ Kg7 42. Qe7+ Kh6 43. Be6 Qe5 44. Qg5+ Qxg5 45. hxg5+ Kxg5 46. Re2
Kf6 47. Bd5 Be5 48. Kg2 Rc1 49. Rf2+ Kg5 50. Rf3 Rc2+ 51. Rf2 Rc1 52. Rf3 Rd1
53. Rb3 Rxd5 54. cxd5 c4 55. Rb4 c3 56. Kf3 Kf5 57. g4+ Kf6 58. gxh5 gxh5 59.
Rh4 Kg5 60. Rc4 h4 61. Kg2 Kf5 62. Rxh4 Bf4 $138 1-0

[Event "IRT "A" - Torre Blanca (Buenos Aires)"]
[Site "Club Torre Blanca (Bs. As.)"]
[Date "2006.04.27"]
[Round "7"]
[White "Ferraro, Carlos Alberto"]
[Black "Olivera, Horacio Ruben"]
[Result "1/2-1/2"]
[WhiteElo "2149"]
[BlackElo "2244"]
[PlyCount "140"]
[EventDate "2006.04.06"]

1. Nf3 Nf6 2. g3 d5 3. Bg2 c6 4. O-O Bg4 5. d3 e6 6. Nbd2 Be7 7. e4 O-O 8. Re1
a5 9. a4 Na6 10. Qe2 Rb8 11. Nf1 Nc5 12. h3 Bxf3 13. Bxf3 b5 14. axb5 cxb5 15.
exd5 Nxd5 16. d4 Na4 17. c3 Qd7 18. Be4 Rfc8 19. Qf3 Nf6 20. Bc2 Nb6 21. Rxa5
b4 22. Bd2 Nc4 23. Ba4 Qc7 24. Ra6 Nd5 25. Bc6 Rb6 26. Rxb6 Ndxb6 27. Bb7 Rb8
28. Be4 Nxd2 29. Nxd2 Na4 30. c4 Rd8 31. d5 Bc5 32. b3 Nc3 33. Kg2 g6 34. Ra1
Qe5 35. Ra5 Qc7 36. Ra6 Rd6 37. Ra8+ Kg7 38. h4 exd5 39. cxd5 Rf6 40. Rg8+ Kxg8
41. Qxf6 Qd6 42. Qf3 Qe5 43. Qd3 Kf8 44. Bf3 Qd4 45. Qxd4 Bxd4 46. Nc4 Ke7 47.
h5 Nb5 48. hxg6 hxg6 49. Be2 Nd6 50. Nd2 Bc3 51. Nf3 Nf5 52. Bc4 Bf6 53. Nd2
Nd6 54. Bd3 Bc3 55. Nf3 Ne8 56. Ng5 Nd6 57. f4 Nc8 58. Kf2 Nd6 59. Ke2 Nc8 60.
g4 Nd6 61. Nh3 Ne8 62. Ng5 Nd6 63. Nf3 Nc8 64. f5 gxf5 65. Bxf5 Nb6 66. Be4 Kd6
67. Ng5 f6 68. Nf7+ Ke7 69. Nh6 Kd6 70. Nf5+ Ke5 1/2-1/2

[Event "IRT "A" - Torre Blanca (Buenos Aires)"]
[Site "Club Torre Blanca (Bs. As.)"]
[Date "2006.04.27"]
[Round "7"]
[White "Guerrero, Alvaro"]
[Black "Miserendino, Alfredo"]
[Result "0-1"]
[WhiteElo "2181"]
[BlackElo "2194"]
[PlyCount "91"]
[EventDate "2006.04.06"]

1. d4 d5 2. c4 c6 3. Nf3 Nf6 4. Bg5 Ne4 5. Bf4 e6 6. Nbd2 Qa5 7. e3 Nd7 8. a3
Ndf6 9. b4 Qd8 10. Bd3 h6 11. O-O g5 12. Be5 g4 13. Bxe4 dxe4 14. Ne1 Rg8 15.
Bxf6 Qxf6 16. Nxe4 Qh4 17. g3 Qe7 18. c5 Qd8 19. Nd3 f5 20. Nd2 h5 21. h4 Be7
22. Kg2 Qd5+ 23. Kh2 e5 24. Nxe5 Be6 25. Nd3 Qd7 26. Nf4 Bf7 27. Qe2 O-O-O 28.
a4 Rge8 29. Nc4 Bd5 30. Ne5 Qc7 31. Rfc1 Bf6 32. Nxd5 Rxd5 33. Qc2 Bxe5 34.
Qxf5+ Kb8 35. dxe5 Rexe5 36. Qf4 Rf5 37. Qxc7+ Kxc7 38. Ra2 Rd3 39. Rb2 Re5 40.
Kg2 Re4 41. a5 Ra3 42. Kf1 Ra4 43. Rcb1 b6 44. axb6+ axb6 45. cxb6+ Kxb6 46.
Ke2 {Ilegible} 0-1